Kỹ thuật vườn ươm cây rừng ở hộ gia đình /

保存先:
書誌詳細
第一著者: Nguyễn Xuân Quát, PGS
その他の著者: Nguyễn Hữu Vĩnh PGS, Phạm Đức Tuấn TS
フォーマット: Sách giấy
言語:Vietnamese
出版事項: H. : Nông nghiệp, 2003
版:Tái bản lần thứ 3
タグ: タグ追加
タグなし, このレコードへの初めてのタグを付けませんか!
Thư viện lưu trữ: Thư viện Trường Đại học Đà Lạt
LEADER 00862nam a2200313 4500
001 DLU050031114
005 ##20050321
040 # # |a DLU  |b vie 
041 # # |a vie 
044 # # |a vn 
082 # # |a 634.956  |b NG-Q 
100 # # |a Nguyễn Xuân Quát,  |c PGS 
245 # # |a Kỹ thuật vườn ươm cây rừng ở hộ gia đình /  |c Nguyễn Xuân Quát, Nguyễn Hữu Vĩnh, Phạm Đức Tuấn 
250 # # |a Tái bản lần thứ 3 
260 # # |a H. :  |b Nông nghiệp,  |c 2003 
300 # # |a 119 tr. ;  |c 21 cm 
504 # # |a Tài liệu tham khảo :tr.114 
700 # # |a Nguyễn Hữu Vĩnh  |c PGS 
700 # # |a Phạm Đức Tuấn  |c TS 
923 # # |a 43/2004 
992 # # |a 9.500 
994 # # |a DLU 
900 # # |a True 
911 # # |a Đào Thị Thu Huyền 
925 # # |a G 
926 # # |a A 
927 # # |a SH 
980 # # |a Thư viện Trường Đại học Đà Lạt